[Event "Tanta op"]
[Site "Tanta"]
[Date "1997.??.??"]
[Round "1"]
[White "Abdel Aziem, Ramadan"]
[Black "El Taher, Fouad"]
[Result "0-1"]
[WhiteElo "2260"]
[BlackElo "2445"]

1.e4 e5 2.Nf3 Nc6 3.Bb5 a6 4.Ba4 Nf6 5.O-O Be7 6.Re1 b5 7.Bb3 O-O 8.c3 d6
9.h3 Bb7 10.d4 Re8 11.Ng5 Rf8 12.Nf3 h6 13.Nbd2 Re8 14.Nf1 Bf8 15.Ng3 g6
16.a4 Bg7 17.axb5 axb5 18.Rxa8 Qxa8 19.dxe5 Nxe5 20.Nxe5 dxe5 21.Qf3 Qa6
22.Be3 Bf8 23.Qe2 c5 24.Qd2 c4 25.Bc2 Kh7 26.b3 Qa8 27.bxc4 bxc4 28.f3 Bc8
29.f4 exf4 30.Bxf4 Be6 31.Be3 Qb8 32.Qf2 Nd7 33.Rb1 Qc7 34.Ne2 Ne5 35.Nf4 Nd3
36.Nxd3 cxd3 37.Bxd3 Qxc3 38.Bb5 Rd8 39.Rc1 Qe5 40.Bc6 Bd6 41.Kf1 Ba3 42.Bf4 Qh5
43.Re1 Bb4 44.Ba4 Bxe1 45.Qxe1 Bxh3 46.gxh3 Qf3+ 47.Qf2 Qh1+ 48.Ke2 Qxe4+
49.Be3 Kg8 50.Qf6 Rd5 51.Bc6 Qd3+  0-1

[Event "Ano Liosia op"]
[Site "Athens"]
[Date "1998.01.07"]
[Round "5"]
[White "Ghinda, Mihail Viorel"]
[Black "Cela, Altin"]
[Result "1/2-1/2"]
[WhiteElo "2470"]
[BlackElo "2445"]

1.e4 e5 2.Nf3 Nc6 3.Bb5 a6 4.Ba4 Nf6 5.O-O Be7 6.Re1 b5 7.Bb3 d6 8.c3 O-O
9.h3 Bb7 10.d4 Re8 11.Nbd2 Bf8 12.d5 Nb8 13.Nf1 Nbd7 14.N3h2 Nc5 15.Bc2 c6
16.dxc6 Bxc6 17.Bg5 h6 18.Bxf6 Qxf6 19.Ng3 g6 20.Ng4 Qd8 21.Ne3 h5 22.Nd5 Bh6
23.b4 Ne6 24.Bb3 Rc8 25.Ne2 Nc7 26.a4 Nxd5 27.Bxd5 Qd7 28.axb5 axb5 29.Ra5 Red8
30.Qd3 Bxd5 31.Qxd5 Qc6 32.Rd1 Qxd5 33.Rxd5 f5 34.exf5 gxf5 35.Ng3 Kf7 36.Rdxb5 Ke6
37.Ne2 Bd2 38.f4 Bxc3 39.Nxc3 Rxc3 40.fxe5 d5 41.Ra2  1/2-1/2

[Event "Calcutta Goodricke op"]
[Site "Calcutta"]
[Date "1998.02.07"]
[Round "2"]
[White "Mithrakanth, Poorna Sharma"]
[Black "Goswami, Vedant"]
[Result "1-0"]
[WhiteElo "2370"]
[BlackElo "2215"]

1.e4 e5 2.Nf3 Nc6 3.Bb5 a6 4.Ba4 Nf6 5.O-O Be7 6.Re1 b5 7.Bb3 d6 8.c3 O-O
9.h3 Bb7 10.d4 Re8 11.Nbd2 Bf8 12.a4 Qd7 13.d5 Ne7 14.c4 Ng6 15.Bc2 c6 16.b3 Qc7
17.Ra2 Nd7 18.Nf1 bxc4 19.bxc4 a5 20.Ne3 Ne7 21.Ba3 Nc8 22.Qd2 Ncb6 23.Rc1 Rec8
24.Rb2 Ba6 25.Qxa5 Bxc4 26.Qb4 c5 27.Qc3 Be2 28.a5 Qa7 29.axb6 Qxa3 30.Bb3 Bxf3
31.b7 Bxe4 32.bxc8=Q Rxc8 33.Ra2  1-0

[Event "Budapest FS02 IM"]
[Site "Budapest"]
[Date "1998.02.16"]
[Round "10"]
[White "Karatorossian, David"]
[Black "Farago, Sandor"]
[Result "1/2-1/2"]
[WhiteElo "2375"]
[BlackElo "2285"]

1.e4 e5 2.Nf3 Nc6 3.Bb5 a6 4.Ba4 Nf6 5.O-O Be7 6.Re1 b5 7.Bb3 d6 8.c3 O-O
9.h3 Bb7 10.d4 Nd7 11.Nbd2 Bf6 12.Nf1 Re8 13.Ng3 g6 14.Bh6 Na5 15.Bc2 Nc4
16.b3 Ncb6 17.d5 Qe7 18.Re3 Bg7 19.Bxg7 Kxg7 20.Nh2 Nf6 21.Ng4 Nbd7 22.Nxf6 Nxf6
23.Qd2 c6 24.c4 cxd5 25.cxd5 Rec8 26.Bd1 Rc5 27.Be2 Rac8 28.Bd3 Qc7 29.Ree1 h6
30.Ne2 Qb6 31.b4 R5c7 32.Rec1 Nd7 33.Rxc7 Qxc7 34.Rc1 Qd8 35.Rxc8 Qxc8 36.Nc1 Nb6
37.Nb3 Qc7 38.Na5 Bc8 39.Qc2 Qd8 40.Qc6 Na4 41.Bc2 Qg5 42.Qxc8  1/2-1/2

[Event "Malaga op"]
[Site "Malaga"]
[Date "1998.02.21"]
[Round "9"]
[White "Baena, Jesus"]
[Black "Garcia Munoz, Juan J"]
[Result "0-1"]
[WhiteElo "2160"]
[BlackElo "2285"]

1.e4 e5 2.Nf3 Nc6 3.Bb5 a6 4.Ba4 Nf6 5.O-O Be7 6.Re1 b5 7.Bb3 O-O 8.c3 d6
9.h3 Bb7 10.d4 Re8 11.Nbd2 Bf8 12.Bc2 g6 13.Nf1 Bg7 14.Ng3 h6 15.Be3 exd4
16.Bxd4 Nxd4 17.Nxd4 h5 18.Nf3 h4 19.Nxh4 Nxe4 20.Bxe4 Bxe4 21.Rxe4 Rxe4
22.Nxe4 Qxh4 23.Qd5 Re8 24.Ng5 Qc4 25.Qxc4 bxc4 26.Kf1 Rb8 27.Re1 Rxb2 28.Re8+ Bf8
29.Rc8 Rxa2 30.Rxc7 d5 31.Nxf7 Rb2 32.Ng5 Rb6 33.g4 Rf6 34.Ke2 a5 35.Ra7 Rxf2+
36.Kxf2 Bc5+ 37.Kf3 Bxa7 38.Ne6 a4 39.Nc7 a3 40.Nb5 Bc5 41.Nxa3 Bxa3 42.Kf4  0-1

[Event "CZE-ch (Women)"]
[Site "Klatovy"]
[Date "1998.05.16"]
[Round "9"]
[White "Hitzgerova, Gabriela"]
[Black "Pallova, Martina"]
[Result "1/2-1/2"]
[WhiteElo "2170"]
[BlackElo "2145"]

1.e4 e5 2.Nf3 Nc6 3.Bb5 a6 4.Ba4 Nf6 5.O-O Be7 6.Re1 b5 7.Bb3 d6 8.c3 O-O
9.h3 Bb7 10.d4 Re8 11.Ng5 Rf8 12.Nf3 Re8 13.Nbd2 Bf8 14.d5 Nb8 15.Nf1 Nbd7
16.N3h2 Nc5 17.Bc2 c6 18.Bg5 h6 19.Bxf6 Qxf6 20.Ng4 Qe7 21.Nfe3 h5 22.Nh2 g6
23.Nhf1 Bg7 24.dxc6 Bxc6 25.Nd5 Qb7 26.Nfe3 Rac8 27.Qf3 a5 28.Rad1 b4 29.Nc4 Qb8
30.a3 bxa3 31.bxa3 Bxd5 32.Rxd5 Bf8 33.Rdd1 Ne6 34.Rb1 Qa7 35.Nb6 Rb8 36.Nd5 Bg7
37.Qe3 Qxe3 38.Nxe3 Nf4 39.Kh2 Rec8 40.g3 Rxb1 41.Rxb1  1/2-1/2

[Event "Lisbon-ch"]
[Site "Lisbon"]
[Date "1998.06.04"]
[Round "11"]
[White "Boino, Claudio"]
[Black "Andrade, Jose"]
[Result "1-0"]
[WhiteElo "2120"]
[BlackElo "2080"]

1.e4 e5 2.Nf3 Nc6 3.Bb5 a6 4.Ba4 Nf6 5.O-O b5 6.Bb3 Be7 7.Re1 d6 8.c3 O-O
9.h3 Bb7 10.d4 Re8 11.Nbd2 Bf8 12.a4 h6 13.Bc2 exd4 14.cxd4 Nb4 15.Bb1 c5
16.d5 Nd7 17.Ra3 f5 18.exf5 Bxd5 19.Nh2 Bf7 20.Rg3 Nf6 21.Ng4 Nxg4 22.hxg4 Rxe1+
23.Qxe1 Qe7 24.Qd1 Re8 25.Re3 Qd7 26.Ne4 d5 27.g5 Rd8 28.Nf6+ gxf6 29.gxf6 Kh7
30.Qg4 Nc6 31.Re7 Nxe7 32.fxe7 Kh8 33.exf8=R+ Rxf8 34.Bxh6 Rg8 35.Qh4 Qe8
36.Bg7+ Kxg7 37.f6+  1-0

[Event "Copenhagen op"]
[Site "Copenhagen"]
[Date "1998.07.01"]
[Round "10"]
[White "Carlsson, Daniel"]
[Black "Petersen, Steen"]
[Result "0-1"]
[WhiteElo "2290"]
[BlackElo "2130"]

1.e4 e5 2.Nf3 Nc6 3.Bb5 a6 4.Ba4 Nf6 5.O-O Be7 6.Re1 b5 7.Bb3 O-O 8.c3 d6
9.h3 Bb7 10.d4 Re8 11.Nbd2 Bf8 12.Nf1 exd4 13.cxd4 Na5 14.Ng5 Nxb3 15.Qxb3 Qd7
16.e5 dxe5 17.dxe5 Qd5 18.Qxd5 Nxd5 19.Nf3 Nb4 20.Re2 Nd3 21.N1h2 Bd6 22.Bd2 Nxe5
23.Nxe5 Rxe5 24.Rxe5 Bxe5 25.Re1 Bxb2 26.Re7 Rc8 27.Bf4 Bd5 28.Ng4 Be6 29.Ne5 g5
30.Bg3 c5 31.f4 Bxe5 32.fxe5 c4 33.Bf2 c3 34.Be3 c2 35.Bc1 Rd8 36.Kf2 Rd1
37.Bxg5 c1=Q 38.Bxc1 Rxc1 39.g4 Rc2+ 40.Kg3 Rxa2 41.Kh4 Kg7 42.Kg5 b4 43.Rb7 b3
44.h4 Ra4 45.Kh5 Bxg4+  0-1

[Event "RUS-Cup07"]
[Site "Tomsk"]
[Date "1998.07.16"]
[Round "2"]
[White "Bezgodov, Alexei"]
[Black "Jakovenko, Dmitrij"]
[Result "1-0"]
[WhiteElo "2520"]
[BlackElo "2410"]

1.e4 e5 2.Nf3 Nc6 3.Bb5 a6 4.Ba4 Nf6 5.O-O Be7 6.Re1 b5 7.Bb3 d6 8.c3 O-O
9.h3 Bb7 10.d4 Re8 11.Nbd2 Bf8 12.a4 h6 13.Bc2 exd4 14.cxd4 Nb4 15.Bb1 c5
16.d5 Nd7 17.Ra3 f5 18.Rae3 f4 19.R3e2 Ne5 20.Nf1 Nxf3+ 21.gxf3 Qg5+ 22.Kh1 Bc8
23.Nh2 Bxh3 24.Rg1 Qe5 25.Bd2 Nxd5 26.Qc1 Qh5 27.Ree1 Nb4 28.Bxf4 Re6 29.Bd2 Rae8
30.Rg3 d5 31.Reg1 dxe4 32.fxe4 R6e7 33.Bxh6 Rf7 34.Qc3 Qxh6 35.Rxh3 Qc6 36.Ng4 Re6
37.Qe3 g6 38.Nh6+ Bxh6 39.Qxh6 Rg7 40.Rd1 Qc7 41.Qh8+ Kf7 42.Rh7 Kf6 43.Rxg7 Qxg7
44.e5+  1-0

[Event "Saitek US Masters"]
[Site "Hawaii"]
[Date "1998.07.26"]
[Round "6"]
[White "Kaugars, Agnis"]
[Black "Chapin, Chip E"]
[Result "1-0"]
[WhiteElo "2150"]
[BlackElo "2080"]

1.e4 e5 2.Nf3 Nc6 3.Bb5 a6 4.Ba4 Nf6 5.O-O Be7 6.Re1 b5 7.Bb3 d6 8.c3 O-O
9.h3 Bb7 10.d3 Nd7 11.Nbd2 Bf6 12.Nf1 Nb6 13.Ne3 Na5 14.Bc2 d5 15.exd5 Nxd5
16.Ng4 Nc6 17.Nfxe5 Nxe5 18.Nxe5 Qd6 19.d4 Rae8 20.Qd3 g6 21.Bh6 Bg7 22.Qd2 Re6
23.Bxg7 Kxg7 24.Nd3 Rxe1+ 25.Rxe1 Qc6 26.Nc5 Ba8 27.Be4 Re8 28.Bf3 Rxe1+
29.Qxe1 a5 30.a4 Qb6 31.Bxd5  1-0

[Event "RUS-ch51"]
[Site "St Petersburg"]
[Date "1998.08.04"]
[Round "8"]
[White "Galkin, Alexander"]
[Black "Ibragimov, Ildar"]
[Result "1/2-1/2"]
[WhiteElo "2540"]
[BlackElo "2610"]

1.e4 e5 2.Nf3 Nc6 3.Bb5 a6 4.Ba4 Nf6 5.O-O Be7 6.Re1 b5 7.Bb3 d6 8.c3 O-O
9.h3 Bb7 10.d4 Na5 11.Bc2 Nc4 12.b3 Nb6 13.Nbd2 Nfd7 14.Nf1 c5 15.Ne3 g6
16.a4 Bf6 17.d5 c4 18.a5 cxb3 19.Bxb3 Nc8 20.Ba3 Nc5 21.Bc2 Bg7 22.Qe2 Na7
23.Bb4 Bc8 24.Nd2 Bd7 25.Ndf1 Rc8 26.Ra3 Rc7 27.Ng3 Nc8 28.Rf1 Qg5 29.Kh1 h5
30.Qd1 Bh6 31.c4 Qh4 32.cxb5 axb5 33.Rc3 f5 34.Bxc5 Rxc5 35.Rxc5 dxc5 36.exf5 Bxe3
37.fxe3 Qxg3 38.fxg6 Rxf1+ 39.Qxf1 Nd6 40.Qf6 e4 41.Qd8+ Be8 42.a6 h4 43.a7  1/2-1/2

[Event "Hans & Lenze"]
[Site "Lippstadt"]
[Date "1998.08.06"]
[Round "8"]
[White "Kindermann, Stefan"]
[Black "Wehmeier, Stefan"]
[Result "1-0"]
[WhiteElo "2565"]
[BlackElo "2405"]

1.e4 e5 2.Nf3 Nc6 3.Bb5 a6 4.Ba4 Nf6 5.O-O Be7 6.Re1 b5 7.Bb3 d6 8.c3 O-O
9.h3 Bb7 10.d4 Re8 11.Nbd2 Qd7 12.Nf1 Rad8 13.Ng3 h6 14.a4 Bf8 15.d5 Na5
16.Bc2 Nc4 17.a5 c6 18.b3 Nxa5 19.Rxa5 cxd5 20.Bb2 Qc7 21.Ra1 b4 22.c4 dxc4
23.bxc4 Qxc4 24.Ba4 Bc6 25.Bxc6 Qxc6 26.Qa4 Qxa4 27.Rxa4 Rb8 28.Rxa6 Nd7
29.Raa1 Rec8 30.Rec1 Nc5 31.Rd1 Ra8 32.Ne1 f6 33.f3 Na4 34.Rd2 b3 35.Nd3 d5
36.exd5 Rd8 37.Ne4 Rxd5 38.Rxa4 Rxa4 39.Nc3 Rad4 40.Nxd5 Rxd5 41.Kf1 g5 42.g4 h5
43.Ke2 Kg7 44.Nc1 Rb5 45.Rd3 hxg4 46.hxg4 Rb4 47.Rxb3 Ra4 48.Rb7+ Kg6 49.Rb6 Be7
50.Bxe5 Kf7 51.Bb2 f5 52.gxf5 Rf4 53.f6  1-0

[Event "MK Cafe Cup-A"]
[Site "Koszalin"]
[Date "1998.08.11"]
[Round "9"]
[White "Brustman, Agnieszka"]
[Black "Sosnicki, Michal"]
[Result "1/2-1/2"]
[WhiteElo "2380"]
[BlackElo "2355"]

1.e4 e5 2.Nf3 Nc6 3.Bb5 a6 4.Ba4 Nf6 5.O-O Be7 6.Re1 b5 7.Bb3 d6 8.c3 O-O
9.h3 Bb7 10.d4 Na5 11.Bc2 Nc4 12.b3 Nb6 13.Nbd2 Nfd7 14.a4 c5 15.a5 Nc8 16.d5 Bf6
17.Nf1 g6 18.Bh6 Bg7 19.Bxg7 Kxg7 20.c4 b4 21.Qd2 Ne7 22.Ng3 Ng8 23.Rf1 Qe7
24.Nh2 Rae8 25.Nf3 Bc8 26.Rfe1 Kh8 27.h4 Ndf6 28.Nh2 Ng4 29.Nxg4 Bxg4 30.Qg5 Qxg5
31.hxg5 h6 32.gxh6  1/2-1/2

[Event "ESP-ch"]
[Site "Linares"]
[Date "1998.08.19"]
[Round "8"]
[White "Sion Castro, Marcelino"]
[Black "Gomez Esteban, Juan Mario"]
[Result "1-0"]
[WhiteElo "2430"]
[BlackElo "2475"]

1.e4 e5 2.Nf3 Nc6 3.Bb5 a6 4.Ba4 Nf6 5.O-O Be7 6.Re1 b5 7.Bb3 d6 8.c3 O-O
9.h3 Bb7 10.d4 Re8 11.Nbd2 Bf8 12.a3 h6 13.Bc2 g6 14.b4 Bg7 15.Bb2 Nh5 16.Bd3 Rb8
17.Bf1 Ba8 18.Rb1 Qd7 19.Nb3 Nf4 20.c4 exd4 21.cxb5 axb5 22.Nbxd4 Nxd4 23.Bxd4 f5
24.Bxg7 Qxg7 25.exf5 gxf5 26.Kh2 Rxe1 27.Nxe1 Re8 28.Rb3 Kh7 29.Rg3 Qe5 30.Nf3 Bxf3
31.Qxf3 Rg8 32.Bxb5 d5 33.Rxg8 Kxg8 34.g3 Ne6 35.Bc6 d4 36.Qd5 Qxd5 37.Bxd5 Kf7
38.Kg2 Ke7 39.a4 d3 40.Kf3 Nd4+ 41.Ke3 Nc2+ 42.Kxd3 Nxb4+ 43.Kc4 Na6 44.Bb7 Nb8
45.a5 Kd6 46.f4  1-0

[Event "Schwarzach opA"]
[Site "Schwarzach"]
[Date "1998.08.27"]
[Round "6"]
[White "Loeffler, Markus"]
[Black "Klovans, Janis"]
[Result "1-0"]
[WhiteElo "2365"]
[BlackElo "2465"]

1.e4 e5 2.Nf3 Nc6 3.Bb5 a6 4.Ba4 Nf6 5.O-O Be7 6.Re1 b5 7.Bb3 d6 8.c3 O-O
9.h3 Bb7 10.d4 Re8 11.Nbd2 Bf8 12.d5 Nb8 13.Nf1 Nbd7 14.Ng3 Nc5 15.Bc2 c6
16.b4 Ncd7 17.dxc6 Bxc6 18.Bb3 Nb6 19.Bg5 h6 20.Bxf6 Qxf6 21.Nh2 Nc4 22.Ng4 Qe6
23.Ne3 Rac8 24.Qd3 Bb7 25.a4 Rc7 26.axb5 axb5 27.Ra5 Qd7 28.Bxc4 bxc4 29.Qe2 g6
30.Rea1 Qe6 31.Rd1 h5 32.Nd5 Rc6 33.Ra7 Rb8 34.Nf1 Bh6 35.Nfe3 Bxe3 36.Qxe3 Kg7
37.Qg5 f6 38.Qh4 Qf7 39.f4 exf4 40.Qxf4 Qe6 41.Rf1 f5 42.Qg5 Qxe4 43.Ne7 f4
44.Rxf4  1-0

[Event "Elista ol (Men)"]
[Site "Elista"]
[Date "1998.09.30"]
[Round "2"]
[White "Hatanbaatar, Bazar"]
[Black "Mannion, Stephen R"]
[Result "1-0"]
[WhiteElo "2440"]
[BlackElo "2370"]

1.e4 e5 2.Nf3 Nc6 3.Bb5 a6 4.Ba4 Nf6 5.O-O Be7 6.Re1 b5 7.Bb3 d6 8.c3 O-O
9.h3 Bb7 10.d4 Re8 11.Nbd2 Bf8 12.d5 Nb8 13.Nf1 Nbd7 14.Ng3 Nc5 15.Bc2 c6
16.b4 Ncd7 17.dxc6 Bxc6 18.Bb3 Nb6 19.Nh2 d5 20.Bg5 dxe4 21.Qxd8 Rexd8 22.Ng4 Nbd7
23.Bxf6 gxf6 24.Rad1 Rac8 25.Re2 h5 26.Nxh5 f5 27.Ne3 f4 28.Nf5 Nb6 29.Nf6+ Kh8
30.Rxd8 Rxd8 31.Bxf7 Rd1+ 32.Kh2 e3 33.fxe3 f3 34.gxf3 Bxf3 35.Rf2 e4 36.Kg3 Nd7
37.Ng4 Rd3 38.Be6 Nb6 39.Ne5 Rxc3 40.Ng6+ Kh7 41.Nxf8+ Kh8 42.Rd2 Rc1 43.Rd8 Nc4
44.Bf7 Rg1+ 45.Kf4  1-0

[Event "Elista ol (Men)"]
[Site "Elista"]
[Date "1998.10.04"]
[Round "6"]
[White "Kobese, Watu"]
[Black "Mannion, Stephen R"]
[Result "1-0"]
[WhiteElo "2415"]
[BlackElo "2370"]

1.e4 e5 2.Nf3 Nc6 3.Bb5 a6 4.Ba4 Nf6 5.O-O Be7 6.Re1 b5 7.Bb3 d6 8.c3 O-O
9.h3 Bb7 10.d4 Re8 11.Nbd2 Bf8 12.d5 Nb8 13.Nf1 Nbd7 14.g4 g6 15.Ng3 Nc5
16.Bc2 a5 17.b4 axb4 18.cxb4 Na4 19.Bb3 Nd7 20.Kh2 Ndb6 21.Bg5 f6 22.Bc1 Bc8
23.Rg1 Bg7 24.Rg2 Kh8 25.Qe2 Bd7 26.Be3 c6 27.dxc6 Bxc6 28.Rc1 Qd7 29.g5 d5
30.gxf6 Bxf6 31.Ng5 Nc4 32.exd5 Bxd5 33.N3e4 Bg7 34.Bxa4 Rxa4 35.Nc5 Qe7
36.Nxa4 Nxe3 37.Rgg1 bxa4 38.fxe3 e4 39.Rc5 Bb7 40.Qc4 Rf8 41.Qe6 Rf2+ 42.Rg2 Qf8
43.Rc7 Rf6 44.Qd7 Ba6 45.Ne6 Rxe6 46.Qxe6 Qxb4 47.Rf2 Qb8 48.Qe7 Qg8 49.Rf7 Bf1
50.Rxf1  1-0

[Event "Elista ol (Men)"]
[Site "Elista"]
[Date "1998.10.05"]
[Round "7"]
[White "Nisipeanu, Liviu Dieter"]
[Black "Nikolaidis, Ioannis"]
[Result "1/2-1/2"]
[WhiteElo "2575"]
[BlackElo "2530"]

1.e4 e5 2.Nf3 Nc6 3.Bb5 a6 4.Ba4 Nf6 5.O-O Be7 6.Re1 b5 7.Bb3 O-O 8.c3 d6
9.h3 Bb7 10.d4 Re8 11.Nbd2 Bf8 12.d5 Ne7 13.Nf1 h6 14.Ng3 Qd7 15.Nh2 c6 16.dxc6 Bxc6
17.Qf3 d5 18.Ng4 Nxg4 19.hxg4 a5 20.a3 Qe6 21.exd5  1/2-1/2

[Event "Budapest FS10 IM-A"]
[Site "Budapest"]
[Date "1998.10.13"]
[Round "11"]
[White "Dembo, Yelena"]
[Black "Petran, Pal"]
[Result "0-1"]
[WhiteElo "2165"]
[BlackElo "2395"]

1.e4 e5 2.Nf3 Nc6 3.Bb5 a6 4.Ba4 Nf6 5.O-O Be7 6.Re1 b5 7.Bb3 d6 8.c3 O-O
9.h3 Bb7 10.d4 Re8 11.Ng5 Rf8 12.Nf3 Nd7 13.Nbd2 Nb6 14.Nf1 a5 15.Ng3 a4
16.Bc2 Nc4 17.a3 g6 18.d5 N6a5 19.Nh2 Bg5 20.Nf3 Bxc1 21.Qxc1 Qf6 22.Rf1 c6
23.dxc6 Bxc6 24.Qd1 Rad8 25.Qe2 Qf4 26.Bd3 f6 27.Rfd1 Rd7 28.Qc2 Rfd8 29.Nd2 d5
30.Bxc4 bxc4 31.exd5 Rxd5 32.Ndf1 Rd3 33.Ne2 Qe4 34.f3 Qd5 35.Rdc1 Nb3 36.Kh2 Qc5
37.Rd1 Qf2  0-1

[Event "Najdorf op"]
[Site "Buenos Aires"]
[Date "1998.10.26"]
[Round "3"]
[White "Giaccio, Alfredo"]
[Black "Trois, Francisco RT"]
[Result "0-1"]
[WhiteElo "2460"]
[BlackElo "2360"]

1.e4 e5 2.Nf3 Nc6 3.Bb5 a6 4.Ba4 Nf6 5.O-O Be7 6.Re1 b5 7.Bb3 O-O 8.h3 d6
9.c3 Bb7 10.d4 Nd7 11.Nbd2 exd4 12.cxd4 Na5 13.Bc2 c5 14.d5 Bf6 15.Nf1 Nc4
16.Rb1 b4 17.N3h2 g6 18.f4 Re8 19.Nf3 Bg7 20.b3 Na3 21.Bxa3 bxa3 22.N1d2 Bc3
23.Re3 Bb4 24.Nc4 Nb6 25.Nxb6 Qxb6 26.Nd2 Bxd5 27.exd5 Rxe3 28.Nc4 Qa7 29.Nxe3 c4
30.bxc4 Qxe3+ 31.Kh1 Bc5 32.f5 Qf2 33.fxg6 hxg6 34.Bd3 Re8 35.Qf3 Qxf3 36.gxf3 Re3
37.Rb8+ Kg7 38.Bb1 Rxf3 39.Kg2 Rc3 40.Re8 Rxc4 41.Re2 f5 42.Bc2 Kf6 43.Bb3 Rd4
44.Rc2 a5 45.Bc4 Kg5 46.Kg3 Re4 47.Bb5 Re3+ 48.Kg2 Kf4 49.h4 Rg3+ 50.Kh2 Bg1+
51.Kh1 Bd4 52.Kh2 Rg4 53.Kh3 Rg1  0-1

[Event "Panormo zt"]
[Site "Panormo"]
[Date "1998.10.28"]
[Round "5"]
[White "Lobzhanidze, Davit"]
[Black "Chilov, Alexandros"]
[Result "1-0"]
[WhiteElo "2455"]
[BlackElo "2205"]

1.e4 e5 2.Nf3 Nc6 3.Bb5 a6 4.Ba4 Nf6 5.O-O Be7 6.Re1 b5 7.Bb3 d6 8.c3 O-O
9.h3 Bb7 10.d4 h6 11.Nbd2 Re8 12.Nf1 Bf8 13.Ng3 Na5 14.Bc2 c5 15.d5 Nc4 16.b3 Nb6
17.a4 bxa4 18.bxa4 a5 19.Nf5 Kh7 20.Nh2 g6 21.Ne3 Nh5 22.g3 Bc8 23.Nhg4 Nf6
24.Rb1 Nbd7 25.f3 Nh5 26.Kg2 Ndf6 27.Bd3 Bd7 28.Bb5 Ng8 29.Qd3 Be7 30.Nc4 Ra7
31.Bxd7 Qxd7 32.Re2 Bg5 33.Bxg5 hxg5 34.Rb6 Qxa4 35.Nxd6 Ree7 36.Nc8 Reb7
37.d6 Qd7 38.Nxe5 Qxc8 39.Rxb7 Rxb7 40.d7 Qd8 41.Qd5 Rxd7 42.Qxd7 Qb6 43.Qxf7+ Ng7
44.Nd7 Qa6 45.Rd2 a4 46.Nf8+ Kh8 47.Qxg6 Nf6 48.Nd7  1-0

[Event "Pan American"]
[Site "San Felipe"]
[Date "1998.10.31"]
[Round "6"]
[White "Garcia, Gildardo"]
[Black "Ivanov, Alexander"]
[Result "1/2-1/2"]
[WhiteElo "2510"]
[BlackElo "2510"]

1.e4 e5 2.Nf3 Nc6 3.Bb5 a6 4.Ba4 Nf6 5.O-O Be7 6.Re1 b5 7.Bb3 d6 8.c3 O-O
9.h3 Bb7 10.d4 Re8 11.Nbd2 Bf8 12.d5 Nb8 13.Nf1 Nbd7 14.Ng3 Nc5 15.Bc2 c6
16.Bg5 cxd5 17.exd5 g6 18.a4 Bg7 19.Bxf6 Bxf6 20.b4 Nxa4 21.Bxa4 bxa4 22.c4 Rc8
23.Nd2 Bg7 24.Qxa4 f5 25.b5 Ra8 26.Rab1 axb5 27.Qxb5 Re7 28.Ra1 e4 29.Rxa8 Bxa8
30.Ngf1 Rb7 31.Qa4 Bd4 32.Nxe4 Ra7 33.Qd1 Qb6 34.Ng5 Bxf2+ 35.Kh2 Bxe1 36.Qxe1 Qd8
37.Qe6+ Kg7 38.Qe3 Qe7 39.Ne6+ Kg8 40.Ng3 Ra6 41.Qb3 Bb7 42.Nxf5 gxf5 43.Qg3+ Kh8
44.Qc3+ Kg8 45.Qg3+  1/2-1/2

[Event "Doprastav op"]
[Site "Bratislava"]
[Date "1998.??.??"]
[Round "9"]
[White "Vrbovsky, Martin"]
[Black "Misecka, Rastislav"]
[Result "1-0"]
[WhiteElo "1970"]
[BlackElo "1915"]

1.e4 e5 2.Nf3 Nc6 3.Bb5 a6 4.Ba4 Nf6 5.O-O Be7 6.Re1 b5 7.Bb3 d6 8.c3 O-O
9.h3 Bb7 10.d4 Re8 11.Ng5 Rf8 12.f4 h6 13.Nf3 exf4 14.Bxf4 Na5 15.Bc2 c5
16.Qd3 c4 17.Qf1 Nh5 18.Bh2 Re8 19.e5 dxe5 20.Nxe5 Nf6 21.Nd2 Nc6 22.Qf3 Qb6
23.Nxc6 Bxc6 24.Qf5 Bd7 25.Qf2 Bd6 26.Bxd6 Qxd6 27.Ne4 Nxe4 28.Bxe4 Bc6 29.Qf3 Bxe4
30.Rxe4 Rxe4 31.Qxe4 Rd8 32.Re1 a5 33.Qe5 Qd5 34.Qc7 b4 35.Re5 Qd6 36.Re8+ Kh7
37.Qxd8 Qf4 38.Re1 Qd2 39.Qe7 Qxb2 40.cxb4 c3 41.Qxf7  1-0

[Event "Budapest FS06 GM"]
[Site "Budapest"]
[Date "1998.??.??"]
[Round "4"]
[White "Borge, Nikolaj"]
[Black "Acs, Peter"]
[Result "0-1"]
[WhiteElo "2390"]
[BlackElo "2450"]

1.e4 e5 2.Nf3 Nc6 3.Bb5 a6 4.Ba4 Nf6 5.O-O Be7 6.Re1 b5 7.Bb3 d6 8.c3 O-O
9.h3 Bb7 10.d4 Re8 11.Ng5 Rf8 12.Nf3 Re8 13.Nbd2 Bf8 14.a4 h6 15.Bc2 exd4
16.cxd4 Nb4 17.Bb1 c5 18.d5 Nd7 19.Ra3 f5 20.exf5 Nf6 21.Rae3 Qd7 22.Ne4 Nbxd5
23.R3e2 Qf7 24.Nh2 Bc6 25.Ng4 Rad8 26.Nexf6+ Nxf6 27.Nxf6+ Qxf6 28.Re6 Qf7
29.R1e3 Be7 30.Rg3 Bf6 31.Rxe8+ Rxe8 32.Bxh6 Qd5 33.Bd2 bxa4 34.Qc2 Re2 35.Ba2 Qxa2
36.Qd3 Bb5 37.Qxd6 Qb1+ 38.Kh2 Qxf5  0-1

[Event "Budapest Nyar-A"]
[Site "Budapest"]
[Date "1998.??.??"]
[Round "6"]
[White "Tolnai, Tibor"]
[Black "Acs, Peter"]
[Result "0-1"]
[WhiteElo "2560"]
[BlackElo "2500"]

1.e4 e5 2.Nf3 Nc6 3.Bb5 a6 4.Ba4 Nf6 5.O-O Be7 6.Re1 b5 7.Bb3 d6 8.c3 O-O
9.h3 Bb7 10.d3 Na5 11.Bc2 c5 12.Nbd2 Re8 13.Nf1 h6 14.Ng3 Bf8 15.Nh2 d5 16.Ng4 d4
17.Qf3 Re6 18.Nf5 Nxg4 19.hxg4 Rc8 20.Bd2 g6 21.Ng3 c4 22.Rad1 Nc6 23.Ne2 Rd6
24.cxd4 exd4 25.Qh3 b4 26.Bf4 cxd3 27.Bxd3 Re6 28.Bxh6 Bxh6 29.Qxh6 Ne5 30.Nf4 Rf6
31.f3 Qd6 32.Rf1 a5 33.Rf2 Rc5 34.Ne2 Nxd3 35.Rxd3 g5 36.Qh2 Qxh2+ 37.Kxh2 Rc2
38.e5 Re6 39.Nxd4 Rxf2 40.Nxe6 fxe6 41.Rd8+ Kf7 42.Rd7+ Kf8 43.Rxb7 Rxb2
44.Rb8+ Ke7 45.Rb7+ Ke8 46.Rb6 Rxa2 47.Rxe6+ Kd7 48.Rd6+ Kc7 49.Rd5 Kc6  0-1

[Event "Golden Cleopatra"]
[Site "Cairo"]
[Date "1998.??.??"]
[Round "6"]
[White "Estrada Nieto, Julian"]
[Black "Sarwat, Walaa"]
[Result "0-1"]
[WhiteElo "2395"]
[BlackElo "2310"]

1.e4 e5 2.Nf3 Nc6 3.Bb5 a6 4.Ba4 Nf6 5.O-O Be7 6.Re1 b5 7.Bb3 d6 8.c3 O-O
9.h3 Bb7 10.d4 Re8 11.Ng5 Rf8 12.Nf3 h6 13.Nbd2 Re8 14.Nf1 Bf8 15.d5 Nb8
16.Bc2 c6 17.dxc6 Bxc6 18.Ng3 g6 19.Nh2 Nbd7 20.Be3 Nc5 21.Ng4 Nxg4 22.Qxg4 Kh7
23.f4 exf4 24.Bxf4 Qb6 25.Be3 Qb7 26.Bd4 Nd7 27.Rf1 Ne5 28.Qf4 Re7 29.Bb3 Bg7
30.Rad1 a5 31.Be3 a4 32.Bd5 a3 33.b3 Qc7 34.Ne2 Rae8 35.Nd4 Bd7 36.Ne2 Qc8
37.Bc1 Qc7 38.Kh1 Qa5 39.Qg3 Qa6 40.Qh4 Bc6 41.Qg3 Bxd5 42.Rxd5 b4 43.c4 Qc8
44.Nd4 Nxc4 45.Nb5 Nb6 46.Nxd6 Qb8 47.Qh4 Nxd5 48.Nxe8 Qxe8 49.exd5 f5 50.Qg3 Re2
51.d6  0-1

[Event "Calcutta"]
[Site "Calcutta"]
[Date "1998.??.??"]
[Round "10"]
[White "Prasad, Devaki V"]
[Black "Sashikiran, Krishnan"]
[Result "1/2-1/2"]
[WhiteElo "2400"]
[BlackElo "2470"]

1.e4 e5 2.Nf3 Nc6 3.Bb5 a6 4.Ba4 Nf6 5.O-O Be7 6.Re1 b5 7.Bb3 d6 8.c3 O-O
9.h3 Bb7 10.d4 Re8 11.Nbd2 Bf8 12.a4 h6 13.d5 Nb8 14.c4 c6 15.axb5 axb5 16.Rxa8 Bxa8
17.dxc6 Bxc6 18.cxb5 Bb7 19.Bc2 Nbd7 20.Nf1 Nc5 21.Ng3 Qa8 22.Qe2 d5 23.exd5 e4
24.Nd4 Nd3 25.Rd1 Bxd5 26.Be3 Nxb2 27.Rb1 Nd3 28.Nc6 Qa2 29.Nf5 Bxc6 30.Bxd3 Bd5
31.Bc2 Rc8 32.Nd4 Bc5 33.Nc6 Bxc6 34.bxc6 Bxe3 35.fxe3 Qa8 36.Qb5 Rxc6 37.Qb8+ Qxb8
38.Rxb8+ Kh7 39.Bb1 Rc1+ 40.Kf2 Kg6 41.Rb4 Kf5 42.Rb5+ Kg6 43.Rb4  1/2-1/2

[Event "IRL-ch"]
[Site "Dublin"]
[Date "1998.??.??"]
[Round "7"]
[White "O'Rourke, Ray"]
[Black "Fox, Anthony"]
[Result "0-1"]
[WhiteElo "2095"]
[BlackElo "2115"]

1.e4 e5 2.Nf3 Nc6 3.Bb5 a6 4.Ba4 Nf6 5.O-O Be7 6.Re1 b5 7.Bb3 d6 8.h3 O-O
9.c3 Bb7 10.Bc2 Re8 11.a4 Bf8 12.d3 h6 13.b4 Nb8 14.Nbd2 Nbd7 15.Nf1 c5 16.Rb1 cxb4
17.cxb4 Qc7 18.Ne3 d5 19.Nf5 Rac8 20.Re2 dxe4 21.dxe4 Nb6 22.a5 Nc4 23.g4 Rcd8
24.Qf1 Nd6 25.Nxd6 Rxd6 26.g5 hxg5 27.Bxg5 Rc6 28.Ne1 Nh5 29.Bd1 Nf4 30.Bxf4 exf4
31.f3 Ree6 32.Nd3 Rg6+ 33.Kh1 Rg3 34.Rh2 Rcg6 35.Rc1 Qd6 36.Be2 Rg1+ 37.Qxg1 Rxg1+
38.Rxg1 Qd4 39.Rhg2 Qe3 40.Ne5 Qd4 41.Ng4 g6 42.h4 Bxb4 43.h5 Kf8 44.h6 Bxa5
45.e5 Bc8 46.Rh2 Kg8 47.h7+ Kh8 48.Nh6 Be6 49.Rc1 Qd7 50.Rd1 Qc7 51.Bd3 Qxe5
52.Bf5 Bc4 53.Be4 Bb6 54.Ng4 Qe7 55.Rh6 a5 56.Kg2 a4 57.Rhh1 a3 58.Bc6 a2
59.Rde1 Qxe1 60.Rxe1 Bd4 61.Nf2 a1=Q 62.Rxa1 Bxa1 63.Ne4 b4 64.Nd2 Be6 65.Ba4 Kxh7
66.Bc2 Kg7 67.Kf2 Bd4+ 68.Ke2 Be3 69.Ne4 f5 70.Nd6 Kf6 71.Kf1 Ke5 72.Ne8 b3
73.Bb1 Bb6 74.Ke2 Bd7  0-1

[Event "Haarlem AKN op"]
[Site "Haarlem"]
[Date "1998.??.??"]
[Round "6"]
[White "Kozakov, Mikhail"]
[Black "Solleveld, Maarten"]
[Result "1-0"]
[WhiteElo "2415"]
[BlackElo "2225"]

1.e4 e5 2.Nf3 Nc6 3.Bb5 a6 4.Ba4 Nf6 5.O-O Be7 6.Re1 b5 7.Bb3 d6 8.c3 O-O
9.h3 Bb7 10.d3 Na5 11.Bc2 c5 12.Nbd2 Nc6 13.Nf1 Re8 14.Ng3 h6 15.Nh2 d5 16.Qf3 dxe4
17.dxe4 Bc8 18.Nf5 Bxf5 19.Qxf5 Qc7 20.Nf1 Rad8 21.Qf3 Qc8 22.Ne3 Qe6 23.Nd5 Rc8
24.a4 Nh7 25.axb5 axb5 26.Be3 c4 27.Qg3 Bg5 28.Red1 Bxe3 29.Qxe3 Ne7 30.Ra5 Qc6
31.Nb4 Qc5 32.Qxc5 Rxc5 33.Rd7 Nc8 34.Nd5 Nf8 35.Rc7 Rxc7 36.Nxc7 Re7 37.Nxb5 Rb7
38.Ba4 g6 39.Ra6 Rb8 40.Rc6 Nb6 41.Bd1 Nbd7 42.Na3 Rxb2 43.Nxc4 Rb1 44.Ne3 Ne6
45.Kh2 h5 46.Rd6 Ndc5 47.Bc2 Rc1 48.h4 Ra1 49.Rd5 Ra3 50.Nd1 Ra2 51.Ne3 Ra3
52.Rxe5 Rxc3 53.Rd5 Kg7 54.Rd2 Ra3 55.Bb1 Ra4 56.f3 Ra3 57.Nd5 Ra1 58.Rb2 Nd4
59.Rb4 Nde6 60.Nc3 Ra3 61.Nd5 Ra1 62.Rb2 Ra3 63.Bc2 Ra7 64.Ne3 Nf4  1-0